书目信息 |
| 题名: |
新编大学本科俄语"教与学"教学参考书
|
|
| 作者: | 钱晓蕙 主编 | |
| 分册: | ||
| 出版信息: | 北京 中国人民大学出版社 2006.06 |
|
| 页数: | 461页 | |
| 开本: | 23cm | |
| 丛书名: | ||
| 单 册: | ||
| 中图分类: | H35 | |
| 科图分类: | ||
| 主题词: | 俄语--e yu--高等学校--教学参考资料 | |
| 电子资源: | ||
| ISBN: | 7-300-07166-X | |
| 000 | 00916nam0 2200229 450 | |
| 001 | 012006610469 | |
| 005 | 20070611110207.73 | |
| 010 | @a7-300-07166-X@dCNY49.00 | |
| 100 | @a20061213d2006 km y0chiy0120 ea | |
| 101 | 0 | @achi@arus |
| 102 | @aCN@b110000 | |
| 105 | @ay z 000yy | |
| 200 | 1 | @a新编大学本科俄语"教与学"教学参考书@Axin bian da xue ben ke e yu"jiao yu xue"jiao xue can kao shu@e第三、四册合订本@f钱晓蕙主编@Fqian xiao hui zhu bian |
| 210 | @a北京@c中国人民大学出版社@d2006.06 | |
| 215 | @a461页@d23cm | |
| 300 | @a北京市高等教育精品教材立项项目 | |
| 330 | @a本书配合《新编大学本科俄语》第3、4册使用,每册教参包括24课,每课包含“引言”、“课文讲解”、“词汇工作”、“课文I译文”、“课后练习答案”、“语法练习答案”、“补充练习”等。 | |
| 606 | 0 | @a俄语@Ae yu@x高等学校@j教学参考资料 |
| 690 | @aH35@v4 | |
| 701 | 0 | @a钱晓蕙@Aqian xiao hui@4主编 |
| 801 | 0 | @aCN@c20070611 |
| 905 | @a10447@dH35@eQ252 | |
| 新编大学本科俄语"教与学"教学参考书:第三、四册合订本/钱晓蕙主编.-北京:中国人民大学出版社,2006.06 |
| 461页;23cm |
| 北京市高等教育精品教材立项项目 |
| ISBN 7-300-07166-X:CNY49.00 |
| 本书配合《新编大学本科俄语》第3、4册使用,每册教参包括24课,每课包含“引言”、“课文讲解”、“词汇工作”、“课文I译文”、“课后练习答案”、“语法练习答案”、“补充练习”等。 |
| ● |
| 相关链接 |
|
|
|
正题名:新编大学本科俄语"教与学"教学参考书
索取号:H35/Q252
 
预约/预借
| 序号 | 登录号 | 条形码 | 馆藏地/架位号 | 状态 | 备注 |
| 1 | 230624 | 202306245 | 语言库209/209语言库 121排1列5层/ [索取号:H35/Q252] | 在馆 | |
| 2 | 230625 | 202306254 | 语言库209/209语言库 121排1列5层/ [索取号:H35/Q252] | 在馆 | |
| 3 | 230626 | 202306263 | 语言库209/209语言库 121排1列5层/ [索取号:H35/Q252] | 在馆 |